[Event "Tradewise Gibraltar ChallWk2"]
[Site "Gibraltar"]
[Date "2018.01.30"]
[Round "4.35"]
[White "Williamson, Kevin J"]
[Black "Suez-Panama, Gilles"]
[Result "1/2-1/2"]
[WhiteElo "1905"]
[BlackElo "1959"]
[PlyCount "136"]
[EventDate "2018.01.27"]
[EventType "swiss"]
[EventRounds "5"]
[EventCountry "GGB"]

1. d4 Nf6 2. Nc3 d5 3. Bg5 e6 4. Nf3 c5 5. e4 dxe4 6. Nxe4 Nbd7 7. dxc5 Bxc5 8.
Nxc5 Qa5+ 9. Qd2 Qxc5 10. Bd3 O-O 11. O-O h6 12. Be3 Qh5 13. c3 b6 14. Be2 Bb7
15. Rad1 Nc5 16. Bxc5 Qxc5 17. Qd6 Qa5 18. a3 Be4 19. Qe5 Qxe5 20. Nxe5 Bc2 21.
Rd2 Bb3 22. Bc4 Ne4 23. Rd4 Nc5 24. Bxb3 Nxb3 25. Rd6 Nc5 26. Rfd1 Ne4 27. R6d4
Nc5 28. f3 Rfc8 29. Kf2 b5 30. Rd6 Na4 31. R1d2 Nb6 32. R6d3 f6 33. Ng6 Kf7 34.
Nf4 g5 35. Ne2 Nc4 36. Rc2 Rd8 37. Rxd8 Rxd8 38. Nd4 a6 39. Ke2 h5 40. Nb3 Rd5
41. Nd2 Re5+ 42. Kf2 Ne3 43. Rc1 f5 44. Re1 f4 45. Ne4 Ke7 46. Re2 a5 47. b3
Rd5 48. Rd2 Rxd2+ 49. Nxd2 Nd1+ 50. Ke2 Nxc3+ 51. Kd3 Nd5 52. Ne4 g4 53. Kd4
Ne3 54. fxg4 hxg4 55. g3 Nc2+ 56. Kc3 fxg3 57. hxg3 Nxa3 58. Nf2 b4+ 59. Kd3
Kf6 60. Nxg4+ Kf5 61. Ne3+ Kg5 62. Nc4 Nb5 63. Nxa5 Nc3 64. Nc6 Na2 65. Kc4 Kg4
66. Nxb4 Nc1 67. Nd3 Nxb3 68. Kxb3 Kxg3 1/2-1/2

[Event "Tradewise Gibraltar ChallWk2"]
[Site "Gibraltar"]
[Date "2018.01.30"]
[Round "4.36"]
[White "De Vega Fernandez, Francisco J"]
[Black "Adebajo, Olufemi"]
[Result "0-1"]
[WhiteElo "1784"]
[BlackElo "1922"]
[PlyCount "108"]
[EventDate "2018.01.27"]
[EventType "swiss"]
[EventRounds "5"]
[EventCountry "GGB"]

1. e4 c5 2. Nc3 Nc6 3. Bb5 Nd4 4. f4 Nxb5 5. Nxb5 Nf6 6. d3 e6 7. Nf3 Be7 8.
O-O O-O 9. Qe2 d5 10. Nc3 d4 11. Nd1 Bd7 12. Nf2 Bb5 13. Bd2 Qc7 14. b3 a5 15.
a4 Ba6 16. g4 Nd7 17. e5 Rae8 18. g5 b6 19. Rae1 Bb7 20. Nh4 Kh8 21. Qh5 g6 22.
Qh6 Rg8 23. Ng2 Bf8 24. Qh3 Qc6 25. Re4 b5 26. Ng4 bxa4 27. Nf6 Nxf6 28. exf6
Qd7 29. Rf3 h5 30. f5 Bxe4 31. dxe4 exf5 32. Nf4 Rg7 33. fxg7+ Bxg7 34. exf5 a3
35. f6 Qxh3 36. fxg7+ Kxg7 37. Nxh3 Re2 38. Bc1 a2 39. Bb2 Rxc2 40. Ba1 Kf8 41.
Nf4 Ke8 42. Nd3 a4 43. Rf2 Rc3 44. Bxc3 dxc3 45. Rxa2 axb3 46. Re2+ Kd8 47. Re1
c4 48. Nb4 Kd7 49. Kf2 Kd6 50. Ke3 Kc5 51. Nc2 bxc2 52. Ke2 Kb4 53. Rc1 Kb3 54.
Rf1 Kb2 0-1

[Event "Tradewise Gibraltar ChallWk2"]
[Site "Gibraltar"]
[Date "2018.01.30"]
[Round "4.37"]
[White "Hubbard, Michael"]
[Black "Hermes, Geoff R"]
[Result "1-0"]
[WhiteElo "1913"]
[BlackElo "1879"]
[PlyCount "67"]
[EventDate "2018.01.27"]
[EventType "swiss"]
[EventRounds "5"]
[EventCountry "GGB"]

1. e4 d6 2. Bc4 Nf6 3. d3 c6 4. Bb3 e5 5. Nf3 Be7 6. O-O O-O 7. c3 Bg4 8. h3
Bh5 9. Nbd2 Nbd7 10. Re1 Qc7 11. Nf1 Rfe8 12. Ng3 Bg6 13. a3 Rad8 14. Qe2 Bf8
15. Bg5 h6 16. Be3 d5 17. Nh4 Bh7 18. Qf3 Nc5 19. Bc2 dxe4 20. dxe4 Nd3 21.
Red1 Nf4 22. Nhf5 Bxf5 23. Nxf5 g6 24. Nh4 Bg7 25. Bb3 Kh7 26. g3 Nxh3+ 27. Kg2
Ng5 28. Bxg5 hxg5 29. Nxg6 fxg6 30. Rh1+ Nh5 31. Bf7 Bh6 32. Rxh5 Rf8 33. Qf6
Qxf7 34. Rxh6+ 1-0

[Event "Tradewise Gibraltar ChallWk2"]
[Site "Gibraltar"]
[Date "2018.01.30"]
[Round "4.38"]
[White "Cernuda Orejas, Victor Manuel"]
[Black "Perez Beltran, Salvador"]
[Result "1/2-1/2"]
[WhiteElo "1910"]
[BlackElo "1900"]
[PlyCount "80"]
[EventDate "2018.01.27"]
[EventType "swiss"]
[EventRounds "5"]
[EventCountry "GGB"]

1. c3 e5 2. d3 d5 3. g3 Nf6 4. Bg2 c6 5. Bg5 h6 6. Bxf6 Qxf6 7. e4 dxe4 8. dxe4
Bc5 9. Qf3 Qe7 10. Nd2 Be6 11. Bh3 Bxh3 12. Nxh3 Qe6 13. Qf5 Ke7 14. Qxe6+ Kxe6
15. Ke2 Nd7 16. f4 Rad8 17. Nb3 Bb6 18. Rad1 Nf6 19. Kf3 Rd7 20. Rxd7 Nxd7 21.
Rd1 Ke7 22. Nf2 exf4 23. gxf4 Nc5 24. Nxc5 Bxc5 25. e5 Rd8 26. Rxd8 Kxd8 27.
Ne4 Be7 28. c4 b6 29. b3 g6 30. h3 Kd7 31. Ke3 Ke6 32. Ng3 Bc5+ 33. Ke4 f5+ 34.
exf6 Kxf6 35. Kf3 Be7 36. Ne4+ Ke6 37. Ng3 Kf6 38. Ne4+ Kf5 39. Ng3+ Ke6 40.
Ne4 Kf5 1/2-1/2

[Event "Tradewise Gibraltar ChallWk2"]
[Site "Gibraltar"]
[Date "2018.01.31"]
[Round "5.1"]
[White "Lacrosse, Marc"]
[Black "Villar Reymundo, Juan Antonio"]
[Result "1/2-1/2"]
[WhiteElo "2117"]
[BlackElo "2121"]
[PlyCount "29"]
[EventDate "2018.01.27"]
[EventType "swiss"]
[EventRounds "5"]
[EventCountry "GGB"]

1. d4 Nf6 2. Bg5 g6 3. Nf3 Bg7 4. e3 O-O 5. Bd3 d6 6. Nbd2 c5 7. c3 b6 8. O-O
Bb7 9. Re1 Nc6 10. h3 Rc8 11. Rc1 Qd7 12. Qe2 h6 13. Bf4 cxd4 14. cxd4 Nd5 15.
Bh2 1/2-1/2

[Event "Tradewise Gibraltar ChallWk2"]
[Site "Gibraltar"]
[Date "2018.01.31"]
[Round "5.2"]
[White "Madina Yadarola, Martin"]
[Black "Plotkin, Victor"]
[Result "1-0"]
[WhiteElo "2167"]
[BlackElo "2242"]
[PlyCount "147"]
[EventDate "2018.01.27"]
[EventType "swiss"]
[EventRounds "5"]
[EventCountry "GGB"]

1. c4 Nf6 2. Nc3 e6 3. Nf3 d5 4. e3 Be7 5. b3 O-O 6. Be2 b6 7. O-O Bb7 8. Bb2
Nbd7 9. d4 c5 10. Rc1 Rc8 11. cxd5 exd5 12. Rc2 Qc7 13. Qa1 Qb8 14. Rd1 Rfd8
15. Ne5 cxd4 16. exd4 Nf8 17. Bd3 Ng6 18. Ne2 Rxc2 19. Bxc2 Ne4 20. f3 Nd6 21.
Bd3 Rc8 22. g3 Rc7 23. Rc1 Qc8 24. Rxc7 Qxc7 25. Qc1 Qxc1+ 26. Bxc1 Nf8 27. Ba3
f6 28. Ng4 Kf7 29. Ne3 Ne6 30. h4 g6 31. Kf1 f5 32. f4 h5 33. Ke1 Ke8 34. Bxd6
Bxd6 35. Nc2 Ke7 36. Kf2 Ng7 37. Ng1 Kf6 38. Nf3 Be7 39. Bb5 a6 40. Bd3 Ne8 41.
Ne5 Bd8 42. a4 Nd6 43. Nb4 a5 44. Nc2 Nf7 45. Bb5 Nd6 46. Bd3 Nf7 47. Na3 Nxe5
48. fxe5+ Kf7 49. Kf3 Bc8 50. Nb5 Bd7 51. Nc3 Ke6 52. Ne2 Bc6 53. Nf4+ Kf7 54.
Bb5 Bb7 55. Bd7 Be7 56. Be6+ Kg7 57. Bxd5 Bc8 58. Bc6 Bb4 59. d5 Bc3 60. d6
Bxe5 61. d7 Bxd7 62. Bxd7 Kf7 63. Ke3 Bd6 64. Kd4 Bc5+ 65. Ke5 Bf2 66. Ne2 Be1
67. Bc6 Bf2 68. Bd5+ Kg7 69. Kf4 Bc5 70. Nc3 Bd6+ 71. Kf3 Bc5 72. Bc6 Bd4 73.
Ne2 Bc5 74. Be8 1-0

[Event "Tradewise Gibraltar ChallWk2"]
[Site "Gibraltar"]
[Date "2018.01.31"]
[Round "5.3"]
[White "Maisuradze, Nino"]
[Black "Lochte, Thomas"]
[Result "1-0"]
[WhiteElo "2234"]
[BlackElo "2169"]
[PlyCount "71"]
[EventDate "2018.01.27"]
[EventType "swiss"]
[EventRounds "5"]
[EventCountry "GGB"]

1. d4 Nf6 2. Nf3 e6 3. g3 c5 4. Bg2 cxd4 5. Nxd4 Nc6 6. O-O Qb6 7. Nb3 d5 8.
Be3 Qc7 9. Nc3 a6 10. a4 Bb4 11. Bc5 Bxc5 12. Nxc5 b6 13. Nb3 Bb7 14. e3 Rc8
15. Ne2 O-O 16. Rc1 Ne5 17. Nbd4 Rfd8 18. h3 g6 19. b3 Ne4 20. Qe1 Nd7 21. c4
Qd6 22. cxd5 Bxd5 23. Rd1 Qa3 24. Nf4 Ba8 25. Ndxe6 fxe6 26. Nxe6 Qe7 27. Nxd8
Rxd8 28. Rd4 Ndc5 29. Qb4 Rf8 30. Qc4+ Kh8 31. b4 Nxg3 32. fxg3 Qxe3+ 33. Kh2
Rf2 34. Rd8+ Kg7 35. Rg8+ Kh6 36. Qh4# 1-0

[Event "Tradewise Gibraltar ChallWk2"]
[Site "Gibraltar"]
[Date "2018.01.31"]
[Round "5.4"]
[White "Galvan, Jesus"]
[Black "Pavlov, Egor"]
[Result "0-1"]
[WhiteElo "2223"]
[BlackElo "2165"]
[PlyCount "104"]
[EventDate "2018.01.27"]
[EventType "swiss"]
[EventRounds "5"]
[EventCountry "GGB"]

1. c4 Nf6 2. Nc3 g6 3. g3 Bg7 4. Bg2 O-O 5. e4 d6 6. Nge2 c5 7. O-O Nc6 8. a3
e5 9. Rb1 a5 10. d3 Be6 11. f4 Nd4 12. f5 gxf5 13. Nxd4 cxd4 14. exf5 dxc3 15.
fxe6 Qb6+ 16. Kh1 fxe6 17. Bg5 cxb2 18. Qd2 Ng4 19. Bf3 e4 20. dxe4 Qc6 21. Bf4
Ne5 22. Bxe5 Bxe5 23. Qd3 Rf6 24. Bg4 Raf8 25. Kg2 Qb6 26. Rf3 Rxf3 27. Bxf3
Qd4 28. Qxd4 Bxd4 29. e5 Bxe5 30. Bxb7 Rb8 31. Be4 Rb3 32. a4 Ra3 33. Bc2 Rc3
34. Rxb2 Rxc4 35. Rb8+ Kg7 36. Rb7+ Kf6 37. Bd1 Rd4 38. Bh5 Rxa4 39. h4 Kf5 40.
Rxh7 Ra2+ 41. Kh3 Ra3 42. Rf7+ Ke4 43. Bg6+ Kd4 44. h5 Rxg3+ 45. Kh4 a4 46. Ra7
a3 47. Ra4+ Kc5 48. Ra5+ Kb4 49. Rxe5 dxe5 50. Bb1 Rg1 51. Ba2 Rg2 52. Bxe6 a2
0-1

[Event "Tradewise Gibraltar ChallWk2"]
[Site "Gibraltar"]
[Date "2018.01.31"]
[Round "5.5"]
[White "Allor, Chukwuka"]
[Black "Richards, Heather S"]
[Result "0-1"]
[WhiteElo "2099"]
[BlackElo "2223"]
[PlyCount "64"]
[EventDate "2018.01.27"]
[EventType "swiss"]
[EventRounds "5"]
[EventCountry "GGB"]

1. g3 d6 2. Bg2 e5 3. c4 f5 4. Nc3 c6 5. b4 Nf6 6. Nf3 Be7 7. Qb3 O-O 8. O-O
Na6 9. Ba3 Nc7 10. d4 e4 11. Nd2 d5 12. cxd5 Nfxd5 13. Nxd5 Nxd5 14. b5 Bxa3
15. Qxa3 cxb5 16. Qb3 Kh8 17. Qxb5 Nc3 18. Qc5 Nxe2+ 19. Kh1 Nxd4 20. Rad1 Ne6
21. Qa3 Bd7 22. Nb3 Qe8 23. Rd6 Bc6 24. Na5 Nc7 25. Qb3 Qe5 26. Nc4 Qc5 27.
Rfd1 Bd5 28. Qe3 Qxc4 29. Rc1 Qa4 30. h4 Bc6 31. h5 Qb4 32. Rcd1 Nb5 0-1

[Event "Tradewise Gibraltar ChallWk2"]
[Site "Gibraltar"]
[Date "2018.01.31"]
[Round "5.6"]
[White "Elomari, Anas"]
[Black "Bendayan Claros, Aaron"]
[Result "0-1"]
[WhiteElo "2100"]
[BlackElo "2191"]
[PlyCount "132"]
[EventDate "2018.01.27"]
[EventType "swiss"]
[EventRounds "5"]
[EventCountry "GGB"]

1. d4 Nf6 2. c4 e6 3. Nf3 d5 4. g3 Be7 5. Bg2 O-O 6. Nc3 dxc4 7. Qa4 a6 8. Qxc4
b5 9. Qb3 Bb7 10. O-O c5 11. dxc5 Bxc5 12. Bg5 Nbd7 13. Rad1 Qb6 14. Ne1 Bxg2
15. Nxg2 h6 16. Be3 Rac8 17. Ne4 Bxe3 18. Qxe3 Qa5 19. Nxf6+ Nxf6 20. Qb3 Ne4
21. Qe3 Nf6 22. Qb3 Ne4 23. Qe3 Nf6 24. Qb3 Rc4 25. a3 Rfc8 26. Ne3 R4c6 27.
Rd4 Qb6 28. Rfd1 Rc1 29. Rxc1 Rxc1+ 30. Rd1 Rxd1+ 31. Qxd1 g6 32. Qd3 h5 33. h4
Kg7 34. Qc3 Qd6 35. Kf1 e5 36. Ke1 Qe6 37. Nc2 Qd5 38. f3 Qd6 39. b4 Kh7 40.
Qc5 Qe6 41. Ne3 e4 42. f4 Qh3 43. Qg5 Ng4 44. Nxg4 hxg4 45. h5 Qxh5 46. Qe7 Qd5
47. Qh4+ Qh5 48. Qe7 Qd5 49. Qh4+ Kg7 50. Qxg4 e3 51. Qf3 Qd4 52. Kf1 Qa1+ 53.
Kg2 Qxa3 54. Qe4 Qc3 55. Kf3 a5 56. bxa5 Qxa5 57. Qe5+ Kh7 58. g4 Qb6 59. Qxe3
Qd6 60. Qd3 Qc6+ 61. Qe4 Qc3+ 62. Qe3 Qc4 63. Qe4 Qb3+ 64. Qe3 Qa2 65. Ke4 b4
66. f5 b3 0-1

[Event "Tradewise Gibraltar ChallWk2"]
[Site "Gibraltar"]
[Date "2018.01.31"]
[Round "5.7"]
[White "Dolzhikova, Olga"]
[Black "Bottema, Martin"]
[Result "1/2-1/2"]
[WhiteElo "2187"]
[BlackElo "2114"]
[PlyCount "54"]
[EventDate "2018.01.27"]
[EventType "swiss"]
[EventRounds "5"]
[EventCountry "GGB"]

1. e4 e5 2. Nf3 Nc6 3. Bc4 Bc5 4. c3 Nf6 5. d3 O-O 6. O-O d5 7. exd5 Nxd5 8.
Qe2 Bg4 9. h3 Bh5 10. g4 Bg6 11. b4 Bb6 12. b5 Na5 13. Qxe5 c6 14. Bxd5 cxd5
15. d4 Re8 16. Qg3 Bd3 17. Re1 Rxe1+ 18. Nxe1 Bxb5 19. Bf4 Nc4 20. Nd2 Nxd2 21.
Bxd2 Rc8 22. Nc2 Bc7 23. Qg2 Ba5 24. Ne3 Bc6 25. Qf3 Qd7 26. Re1 Re8 27. Nf5
Rxe1+ 1/2-1/2

[Event "Tradewise Gibraltar ChallWk2"]
[Site "Gibraltar"]
[Date "2018.01.31"]
[Round "5.8"]
[White "Havik, Victor"]
[Black "Pinho, Paulo"]
[Result "1/2-1/2"]
[WhiteElo "2063"]
[BlackElo "2186"]
[PlyCount "170"]
[EventDate "2018.01.27"]
[EventType "swiss"]
[EventRounds "5"]
[EventCountry "GGB"]

1. d4 Nf6 2. c4 c5 3. d5 g6 4. Nc3 Bg7 5. Nf3 O-O 6. Bf4 d6 7. h3 Re8 8. e3 Qb6
9. Rb1 Qa5 10. Qd2 Na6 11. Be2 Nc7 12. e4 e5 13. Be3 Bd7 14. O-O b6 15. Nh2 Qa6
16. Ng4 Nxg4 17. hxg4 Qc8 18. f3 Rb8 19. b3 Rf8 20. Bh6 Qd8 21. Bxg7 Kxg7 22.
g3 f6 23. Kg2 Qe7 24. Rh1 Kg8 25. a3 a5 26. Rb2 Na6 27. Bd3 Rf7 28. Nd1 Qd8 29.
Ne3 Be8 30. a4 Rbb7 31. f4 Rg7 32. Rh6 Rbf7 33. Kf3 Bd7 34. Qh2 Qe7 35. Rf2 Kf8
36. f5 Ke8 37. Rf1 Kd8 38. Rh1 Kc7 39. Qd2 Bc8 40. Bb1 Nb8 41. Bd3 Nd7 42. Qh2
Nf8 43. Qf2 Rg8 44. R1h3 Rfg7 45. Ke2 Bd7 46. Kd2 Rf7 47. Kc3 Qe8 48. Bc2 Rfg7
49. Qf3 Qc8 50. Qf2 Qd8 51. Qf3 Qe7 52. Qf2 gxf5 53. gxf5 Rg5 54. g4 R8g7 55.
R3h5 Rxh5 56. Rxh5 Rg5 57. Rxg5 fxg5 58. Qh2 Qg7 59. Qh5 Kd8 60. Bd1 Be8 61.
Qh3 Nd7 62. Nf1 Nf6 63. Ng3 Kc7 64. Kd3 Bf7 65. Qh2 Qf8 66. Qh3 Kd7 67. Be2 Ke7
68. Bd1 Qg7 69. Be2 Kf8 70. Bd1 Kg8 71. Be2 Be8 72. Bd1 h6 73. Be2 Qh7 74. Bd1
Kg7 75. Be2 Bf7 76. Bd1 Qg8 77. Bf3 h5 78. gxh5 Kh6 79. Bg4 Qe8 80. Ke3 Qe7 81.
Bf3 Qf8 82. Bg4 Qh8 83. Kd3 Kg7 84. Ke3 Qh6 85. Kd3 Qh8 1/2-1/2

[Event "Tradewise Gibraltar ChallWk2"]
[Site "Gibraltar"]
[Date "2018.01.31"]
[Round "5.9"]
[White "Elishev, Ivan"]
[Black "Ernst, Michael"]
[Result "1-0"]
[WhiteElo "2087"]
[BlackElo "2176"]
[PlyCount "55"]
[EventDate "2018.01.27"]
[EventType "swiss"]
[EventRounds "5"]
[EventCountry "GGB"]

1. e4 e6 2. d4 d5 3. exd5 exd5 4. Nf3 Bd6 5. c4 c6 6. Nc3 Ne7 7. Bd3 dxc4 8.
Bxc4 O-O 9. h3 Bf5 10. O-O Nd7 11. Re1 Nb6 12. Bb3 Nbd5 13. Bg5 Qc7 14. Rc1
Nxc3 15. bxc3 Nd5 16. c4 Nb4 17. c5 Bf4 18. Re7 Qb8 19. Bxf4 Qxf4 20. Rxb7 Rab8
21. Rxa7 Be4 22. Qd2 Qf5 23. Qg5 Qc8 24. Ne5 Rb7 25. Rxb7 Qxb7 26. Nxf7 Bd5 27.
Nd6 h6 28. Qxd5+ 1-0

[Event "Tradewise Gibraltar ChallWk2"]
[Site "Gibraltar"]
[Date "2018.01.31"]
[Round "5.10"]
[White "Herzwurm, Robert"]
[Black "Kvisla, Johannes Luangtep"]
[Result "0-1"]
[WhiteElo "2123"]
[BlackElo "2234"]
[PlyCount "87"]
[EventDate "2018.01.27"]
[EventType "swiss"]
[EventRounds "5"]
[EventCountry "GGB"]

1. e4 c5 2. Nc3 Nc6 3. f4 g6 4. Nf3 Bg7 5. Bb5 Nd4 6. O-O Nxb5 7. Nxb5 d5 8. e5
a6 9. Nc3 e6 10. d4 cxd4 11. Ne2 Ne7 12. Nexd4 O-O 13. Re1 Nc6 14. Be3 f6 15.
exf6 Bxf6 16. Nxc6 bxc6 17. c3 Rb8 18. Qd2 a5 19. Rab1 Rf7 20. Bc5 a4 21. Ng5
Bxg5 22. fxg5 Rf5 23. h4 Qc7 24. Rf1 e5 25. g4 Rxf1+ 26. Rxf1 Bxg4 27. Rf6 Bf5
28. Bd6 Qb6+ 29. Qf2 Qxf2+ 30. Kxf2 Re8 31. h5 Bb1 32. h6 d4 33. Ke2 d3+ 34.
Kd2 e4 35. Bc5 Bxa2 36. Rxc6 Bf7 37. Rc7 Rb8 38. Ke3 Rd8 39. Kd2 Rb8 40. Ke3
Ra8 41. Kd2 Re8 42. Ke3 Rb8 43. Bb4 Rd8 44. c4 0-1

[Event "Tradewise Gibraltar ChallWk2"]
[Site "Gibraltar"]
[Date "2018.01.31"]
[Round "5.11"]
[White "Sanchez Carrasco, Fco. Javier"]
[Black "Jordan Martinez, Miguel"]
[Result "0-1"]
[WhiteElo "2068"]
[BlackElo "2201"]
[PlyCount "52"]
[EventDate "2018.01.27"]
[EventType "swiss"]
[EventRounds "5"]
[EventCountry "GGB"]

1. d4 Nf6 2. c4 e5 3. e3 exd4 4. exd4 d5 5. Nc3 Be7 6. Bd3 Nc6 7. Nge2 Nb4 8.
Bb1 dxc4 9. O-O c6 10. Ng3 O-O 11. Be3 Nbd5 12. a4 Bg4 13. Qd2 Qd7 14. Bg5 b5
15. axb5 cxb5 16. Nce4 Nxe4 17. Nxe4 f6 18. Be3 f5 19. Nc5 Bxc5 20. dxc5 f4 21.
Bd4 f3 22. c6 Qf7 23. g3 Qh5 24. Kh1 Bh3 25. Re1 Bg2+ 26. Kg1 Nf4 0-1

[Event "Tradewise Gibraltar ChallWk2"]
[Site "Gibraltar"]
[Date "2018.01.31"]
[Round "5.12"]
[White "Makka, Ioulia"]
[Black "Dasaolu, Rotimi"]
[Result "1-0"]
[WhiteElo "2167"]
[BlackElo "2064"]
[PlyCount "101"]
[EventDate "2018.01.27"]
[EventType "swiss"]
[EventRounds "5"]
[EventCountry "GGB"]

1. e4 c5 2. Nf3 e6 3. d4 cxd4 4. Nxd4 a6 5. Bd3 Qc7 6. O-O Nf6 7. Qe2 d6 8. c4
g6 9. Nc3 Bg7 10. Be3 O-O 11. f4 Nbd7 12. Rac1 b6 13. b4 Bb7 14. h3 Rfe8 15.
Nf3 Rac8 16. Qf2 Rb8 17. Bd4 Nh5 18. Bxg7 Kxg7 19. Ne2 Kg8 20. Qe3 a5 21. a3
axb4 22. axb4 Ra8 23. Nfd4 Ra4 24. Nb5 Qb8 25. Rb1 e5 26. f5 Bc6 27. Bc2 Ra2
28. Bb3 Rxe2 29. Qxe2 Ng3 30. Qe3 Nxf1 31. Rxf1 Kg7 32. Qd3 Bxb5 33. cxb5 Nf6
34. g4 g5 35. h4 gxh4 36. g5 Nh5 37. Qh3 d5 38. Qxh4 Nf4 39. Qh6+ Kh8 40. Qf6+
Kg8 41. g6 hxg6 42. fxg6 fxg6 43. Rxf4 exf4 44. Qxg6+ Kf8 45. Qf6+ Kg8 46.
Bxd5+ Kh7 47. Qh4+ Kg6 48. Qg4+ Kf6 49. Qf5+ Ke7 50. Qf7+ Kd8 51. Bc6 1-0

[Event "Tradewise Gibraltar ChallWk2"]
[Site "Gibraltar"]
[Date "2018.01.31"]
[Round "5.13"]
[White "Sousa, Ludy Helsio Paulo"]
[Black "Cramling Bellon, Anna"]
[Result "1-0"]
[WhiteElo "2153"]
[BlackElo "1978"]
[PlyCount "53"]
[EventDate "2018.01.27"]
[EventType "swiss"]
[EventRounds "5"]
[EventCountry "GGB"]

1. e4 c5 2. Nf3 d6 3. d4 cxd4 4. Nxd4 Nf6 5. Nc3 a6 6. Bc4 Qb6 7. Bb3 e6 8. Be3
Qc7 9. f3 Nbd7 10. Qd2 Nc5 11. O-O-O b5 12. Kb1 Bd7 13. g4 g6 14. a3 Qb7 15.
Nde2 Nxb3 16. cxb3 Bc6 17. Bh6 Bxh6 18. Qxh6 Nxe4 19. fxe4 Bxe4+ 20. Nxe4 Qxe4+
21. Ka2 Qxe2 22. Rxd6 b4 23. a4 Qxg4 24. Rhd1 Rc8 25. Qg7 Rf8 26. Qf6 Qxd1 27.
Rxd1 1-0

[Event "Tradewise Gibraltar ChallWk2"]
[Site "Gibraltar"]
[Date "2018.01.31"]
[Round "5.14"]
[White "Kozarcanin, Sead"]
[Black "Tuerk, Philipp"]
[Result "1/2-1/2"]
[WhiteElo "2048"]
[BlackElo "2150"]
[PlyCount "73"]
[EventDate "2018.01.27"]
[EventType "swiss"]
[EventRounds "5"]
[EventCountry "GGB"]

1. b3 f6 2. e4 Nh6 3. Bb2 Nf7 4. d4 e6 5. Nf3 d5 6. Bd3 c5 7. exd5 Qxd5 8. Nc3
Qd8 9. d5 Be7 10. Bb5+ Kf8 11. Bc4 Nd6 12. Qe2 e5 13. O-O-O a6 14. a4 Bg4 15.
h3 Bh5 16. g4 Be8 17. Ne4 Nxe4 18. Qxe4 Bd6 19. Qe2 Qa5 20. g5 b5 21. gxf6 gxf6
22. Bd3 c4 23. bxc4 bxc4 24. Bxc4 Qxa4 25. Bb3 Qf4+ 26. Qe3 Qf5 27. Qb6 Ke7 28.
Qb7+ Bd7 29. Qxa8 Qxf3 30. Qa7 Rc8 31. Qe3 Qf5 32. Rhg1 Bc5 33. d6+ Kd8 34.
Rg8+ Be8 35. Qd2 Qxf2 36. Rxe8+ Kxe8 37. d7+ 1/2-1/2

[Event "Tradewise Gibraltar ChallWk2"]
[Site "Gibraltar"]
[Date "2018.01.31"]
[Round "5.15"]
[White "Vanheirzeele, Daniel"]
[Black "Garcia Lopez, Juan Antonio"]
[Result "1/2-1/2"]
[WhiteElo "2147"]
[BlackElo "1959"]
[PlyCount "25"]
[EventDate "2018.01.27"]
[EventType "swiss"]
[EventRounds "5"]
[EventCountry "GGB"]

1. d4 Nf6 2. c4 c5 3. d5 d6 4. Nc3 g6 5. e4 Bg7 6. Nf3 O-O 7. Bf4 Nh5 8. Bg5 h6
9. Be3 f5 10. exf5 gxf5 11. g3 Qe8 12. Rg1 Qf7 13. Bc1 1/2-1/2

[Event "Tradewise Gibraltar ChallWk2"]
[Site "Gibraltar"]
[Date "2018.01.31"]
[Round "5.17"]
[White "Guthrie, David"]
[Black "Janiszewski, Maciej"]
[Result "1-0"]
[WhiteElo "2181"]
[BlackElo "2029"]
[PlyCount "45"]
[EventDate "2018.01.27"]
[EventType "swiss"]
[EventRounds "5"]
[EventCountry "GGB"]

1. d4 d5 2. c4 Nc6 3. Nc3 Nf6 4. Nf3 dxc4 5. Bg5 h6 6. Bxf6 exf6 7. e3 Bd6 8.
Bxc4 O-O 9. Qc2 f5 10. O-O f4 11. h3 Na5 12. Bd3 c5 13. dxc5 Bxc5 14. Rad1 Qe8
15. exf4 Be6 16. Rfe1 Qc8 17. f5 Bc4 18. f6 Bxd3 19. Rxd3 g6 20. Qd2 Kh7 21.
Re4 Nc4 22. Qxh6+ Kxh6 23. Rh4# 1-0

[Event "Tradewise Gibraltar ChallWk2"]
[Site "Gibraltar"]
[Date "2018.01.31"]
[Round "5.18"]
[White "Bryant, Richard B E"]
[Black "Ranaivoharisoa, Alain"]
[Result "0-1"]
[WhiteElo "2016"]
[BlackElo "2142"]
[PlyCount "94"]
[EventDate "2018.01.27"]
[EventType "swiss"]
[EventRounds "5"]
[EventCountry "GGB"]

1. e4 g6 2. d4 Bg7 3. c3 d5 4. exd5 Qxd5 5. Be3 Nf6 6. f3 O-O 7. Nd2 e5 8. c4
Qa5 9. Ne2 exd4 10. Bxd4 Nc6 11. Bc3 Qb6 12. Qb3 Re8 13. Qxb6 axb6 14. Kf2 Ne5
15. g3 Bd7 16. h3 c5 17. Rd1 Rxa2 18. Nc1 Raa8 19. f4 Nc6 20. Bg2 Bf5 21. Rde1
h5 22. Rxe8+ Rxe8 23. Re1 Rd8 24. Ncb3 Be6 25. Ra1 Ne8 26. Bxg7 Kxg7 27. Bf1
Nd6 28. Kf3 Nf5 29. g4 hxg4+ 30. hxg4 Nfd4+ 31. Kg3 Nc2 32. Rc1 Ne3 33. Be2 Na5
34. Rc3 Nxb3 35. Nxb3 Nxc4 36. Rxc4 Bxc4 37. Bxc4 Rd1 38. g5 Rb1 39. Nd2 Rxb2
40. Ne4 b5 41. Bd5 b6 42. Nc3 c4 43. Kg4 Rd2 44. Bc6 b4 45. Ne4 Rd4 46. Kf3 b3
47. Ba4 b5 0-1

[Event "Tradewise Gibraltar ChallWk2"]
[Site "Gibraltar"]
[Date "2018.01.31"]
[Round "5.19"]
[White "Jordan Martinez, David"]
[Black "Adewole, Adeyinka"]
[Result "1-0"]
[WhiteElo "2095"]
[BlackElo "2001"]
[PlyCount "157"]
[EventDate "2018.01.27"]
[EventType "swiss"]
[EventRounds "5"]
[EventCountry "GGB"]

1. d4 d5 2. c4 c6 3. Nc3 Nf6 4. Nf3 e6 5. e3 Bb4 6. Bd3 dxc4 7. Bxc4 Ne4 8. Qc2
Qa5 9. Qxe4 Bxc3+ 10. Ke2 Bb4 11. a3 Nd7 12. Rb1 Bd6 13. b4 Qc7 14. Bd2 O-O 15.
Bd3 Nf6 16. Qh4 e5 17. dxe5 Bxe5 18. Nxe5 Qxe5 19. Rbc1 Bf5 20. Bxf5 Qxf5 21.
Rc5 Qe6 22. Qc4 Nd5 23. Rc1 Rad8 24. h3 Qg6 25. Qg4 Rfe8 26. Qxg6 hxg6 27. g3
a6 28. R1c2 Re4 29. R2c4 Re6 30. Rc2 f5 31. Bc3 g5 32. Kf3 Rde8 33. Bd4 Re4 34.
Bb2 g6 35. R5c4 Kf7 36. Rxe4 Rxe4 37. Ke2 g4 38. hxg4 Rxg4 39. Kd3 Re4 40. Bd4
Re7 41. Rc1 g5 42. Rh1 Kg6 43. f3 Rd7 44. Rh8 Nf6 45. Kc4 g4 46. fxg4 Nxg4 47.
Kc5 Re7 48. Kd6 Re4 49. Rh4 Kg5 50. Kc7 Re7+ 51. Kd6 Rf7 52. a4 Kg6 53. a5 Nf2
54. Rh8 Nd3 55. Bc5 Rf6+ 56. Kc7 Rf7+ 57. Kb8 Nxc5 58. bxc5 Kf6 59. Rc8 Re7 60.
Rc7 Rxe3 61. Kxb7 Rxg3 62. Rxc6+ Ke5 63. Rxa6 Rg7+ 64. Kb6 f4 65. Ra8 Rg6+ 66.
c6 Kd5 67. Rd8+ Ke4 68. Kb7 Rg5 69. c7 Rxa5 70. c8=Q Re5 71. Qc4+ Kf3 72. Kc6
Re3 73. Rf8 Re4 74. Qf1+ Ke3 75. Kd5 Rd4+ 76. Ke5 Re4+ 77. Kf5 Rd4 78. Qg1+ Kd3
79. Qxd4+ 1-0

[Event "Tradewise Gibraltar ChallWk2"]
[Site "Gibraltar"]
[Date "2018.01.31"]
[Round "5.20"]
[White "Lung, Liviu-Catalin"]
[Black "Yu, Henry"]
[Result "0-1"]
[WhiteElo "2085"]
[BlackElo "1947"]
[PlyCount "56"]
[EventDate "2018.01.27"]
[EventType "swiss"]
[EventRounds "5"]
[EventCountry "GGB"]

1. e4 c5 2. Nf3 a6 3. d4 cxd4 4. Nxd4 Nf6 5. Bd3 e5 6. Nb3 d5 7. exd5 Nxd5 8.
c3 Nc6 9. O-O Be7 10. Qf3 Be6 11. Rd1 Qc8 12. Bc4 Nf4 13. Bxe6 Nxe6 14. Be3 O-O
15. N1d2 b5 16. Ne4 Qc7 17. Nec5 Nxc5 18. Nxc5 Bd6 19. b4 e4 20. Qh5 g6 21. Qh4
Bxc5 22. Bxc5 Rfe8 23. Rd6 Rad8 24. Rad1 Rxd6 25. Rxd6 Rd8 26. Qxe4 Rxd6 27.
Qe8+ Kg7 28. Qe5+ Nxe5 0-1